Acta Universitatis Danubius Juridica

Bibliographic Details
Corporate Author: Universitatea Danubius
Format: Journal
Language:Multiple languages
Published: [Galati] : [Universitare "Danubis"], 2005-
Subjects:
Online Access:Acceso restringido

MARC

LEADER 00000nas a2200000 a 4500
005 20110427135442.0
007 cr |||||||||||
008 100416c20059999rm ar p s 0 a0mul|c
022 |a 2065-3891  |y 1844-8062 
035 |a 5107 
040 |a CCUC  |d vLex 
090 |c 2074  |d 2074 
245 0 0 |a Acta Universitatis Danubius Juridica  |h [Recurso electrn̤ico] 
256 |a Servicio en ln̕ea 
260 |a [Galati] :  |b [Universitare "Danubis"],  |c 2005- 
310 |a Anual 
362 0 |a 2005- 
506 1 |a Contenido solo disponible en los productos indicados  |d vLex Global  |d vLex Global (Academic Edition, excluding Law Schools)  |d vLex Global (U.S. Academic Edition, Law Schools)  |d vLex Global (U.S. Academic Edition, excluding Law Schools)  |d vLex Global (Academic Edition, Law Schools) 
650 0 9 |a Derecho 
651 9 |a Romania 
655 9 |a Revistas electrn̤icas 
710 2 |a Universitatea Danubius 
740 0 |a vLex Libros (Servicios en ln̕ea) 
856 4 0 |z Acceso restringido  |u http://vlex.com/source/acta-universitatis-danubius-juridica-5107 
942 |c BOOK